Odpowiedź zaczyna się na M - Statystyki

Ogólne statystyki
  • Ten quiz został rozwiązany 158 razy
  • Średni wynik to 12 z 16
Statystyki odpowiedzi
Opis Odpowiedź % Poprawnych
Choroba zakaźna wywoływana przez pasożyta Plasmodium, przenoszona przez komary. Objawy obejmują gorączkę, dreszcze i osłabienie. Malaria
94%
Amerykański artysta muzyczny, "Król Popu", znany ze swojego wkładu w muzykę pop i spektakularne występy sceniczne - imię. Michael
89%
Rosyjska lalka w lalkach, która składa się z kilku różnych rozmiarów lalki umieszczonych wewnątrz siebie. Matrioszka
88%
Ptak morski z rodziny mewowatych, często spotykany nad wybrzeżami i na otwartym morzu. Mewa
88%
Miasto we Włoszech, znane jako centrum mody i designu, oraz posiadające wiele historycznych zabytków. Mediolan
87%
Przewlekła choroba neurologiczna charakteryzująca się silnymi bólami głowy, często występującymi napadami. Migrena
87%
Zbiorcze określenie na zużyty papier, który jest zbierany w celu recyklingu. Makulatura
85%
Kraj w Azji Wschodniej, słynący z rozległych stepów i tradycyjnego stylu życia pasterzy. Mongolia
82%
Naturalny proces, w którym u kobiet dochodzi do zakończenia miesiączkowania i spadku poziomu hormonów płciowych. Menopauza
80%
Jedna z dzielnic Nowego Jorku, znana jako centrum finansowe i biznesowe, oraz pełna kulturalnych atrakcji. Manhattan
73%
Amerykańska aktorka, symbol seksapilu i ikona kina lat 50., znana z takich filmów jak "Nietykalni" i "Jak być kochaną". Marilyn Monroe
73%
Amerykańska piosenkarka, aktorka i bizneswoman, znana jako "Królowa Popu", kontrowersyjna i wpływowa postać w przemyśle rozrywkowym. Madonna
66%
Mały ssak wodny z rodziny fokowatych, zamieszkujący głównie wody zimne i umiarkowane. Mors
65%
Jeden z najgroźniejszych węży w Afryce, znany ze swojej toksyczności i szybkości. Mamba
59%
Amerykański bokser i ikona sportu, uważany za jednego z największych bokserów wszech czasów - imię Muhammad
45%
Oficjalne oświadczenie lub deklaracja, zwykle zawierające przekonania, cele lub intencje. Manifest
26%
Nie znaleziono quizów pasujących do podanych kryteriów
Rozkład punktacji
Procent ludzi z każdym wynikiem
Percentyl według liczby udzielonych odpowiedzi
Twoja historia wyników
Nie rozwiązałeś tego quizu